| 000 | 00783nam a2200217 a 4500 | ||
|---|---|---|---|
| 001 | 000044241 | ||
| 005 | 20240412074303.0 | ||
| 008 | 140611s2004 dr a r 000 p spa d | ||
| 040 |
_aDO-SdBNP _bspa _cBNPHU |
||
| 082 |
_aRD861.44 _bG216p |
||
| 100 | 1 |
_aGarcía Martínez, Nereyda, _d1927- _972244 |
|
| 245 | 1 | 0 |
_aPáginas de una mujer : _bpoemas / _cNeryda García Martínez ; prólogo Carlos Lebrón Saviñón. |
| 260 |
_aSanto Domingo : _bCiguapa, _c2004. |
||
| 300 |
_a352 p. : _bil. ; _c21 cm. |
||
| 500 | _aIncluye datos biográficos del autor en las solapas | ||
| 590 | _aInventariado,2018/BT | ||
| 650 | 0 |
_aPoesía dominicana _966 |
|
| 650 | 0 |
_aLiteratura dominicana. _967 |
|
| 700 | 1 | 2 |
_aLebrón Saviñón, Carlos, _epról. _924855 |
| 910 | _aValidado. Control de calidad. MFF | ||
| 999 |
_c43730 _d43730 |
||